Taiwan Industrial Yearbook (Record no. 119416)
[ view plain ]
| 000 -LEADER | |
|---|---|
| fixed length control field | 00558cas a22002055a 4500 |
| 001 - CONTROL NUMBER | |
| control field | L159512 |
| 008 - FIXED-LENGTH DATA ELEMENTS--GENERAL INFORMATION | |
| fixed length control field | 100720d2016198 xxkbr p 0 a0eng u |
| 035 ## - SYSTEM CONTROL NUMBER | |
| System control number | (Sirsi) u159512 |
| 041 0# - LANGUAGE CODE | |
| Language code of text/sound track or separate title | eng |
| 110 2# - MAIN ENTRY--CORPORATE NAME | |
| Corporate name or jurisdiction name as entry element | Digital Commerce Appraisal |
| 9 (RLIN) | 6184 |
| 245 00 - TITLE STATEMENT | |
| Title | Taiwan Industrial Yearbook |
| 260 ## - PUBLICATION, DISTRIBUTION, ETC. | |
| Name of publisher, distributor, etc. | Digital Commerce Appraisal |
| Date of publication, distribution, etc. | 2016- |
| 362 ## - DATES OF PUBLICATION AND/OR SEQUENTIAL DESIGNATION | |
| Dates of publication and/or sequential designation | 2016 |
| 520 ## - SUMMARY, ETC. | |
| Summary, etc. | Volumes available - 2016. |
| 554 ## - | |
| -- | Annual |
| 650 24 - SUBJECT ADDED ENTRY--TOPICAL TERM | |
| Topical term or geographic name entry element | Taipei Exchange Capitalization Weighted Stock Index (TPEX) |
| 651 #4 - SUBJECT ADDED ENTRY--GEOGRAPHIC NAME | |
| Geographic name | Taiwan |
| 690 ## - LOCAL SUBJECT ADDED ENTRY--TOPICAL TERM (OCLC, RLIN) | |
| Topical term or geographic name as entry element | Valuation |
| 9 (RLIN) | 6273 |
| 942 ## - ADDED ENTRY ELEMENTS (KOHA) | |
| Suppress in OPAC | 0 |
| Withdrawn status | Lost status | Source of classification or shelving scheme | Damaged status | Not for loan | Home library | Current library | Shelving location | Date acquired | Total Checkouts | Full call number | Barcode | Date last seen | Price effective from | Koha item type |
|---|---|---|---|---|---|---|---|---|---|---|---|---|---|---|
| Dewey Decimal Classification | London | London | Gallery | 07/08/2017 | TAIWAN INDUSTRIAL YEARBOOK | 159512-1001 | 06/08/2019 | 06/08/2019 | Journal |